000 01719cam a2200421 i 4500
001 on1432445302
003 OCoLC
005 20250212161724.0
008 240430s2025 nyu e b 000 0deng
010 _a 2024020267
020 _a9781668019504
_q(hardcover)
020 _a1668019507
_q(hardcover)
020 _a9781668019511
_q(paperback)
020 _a1668019515
_q(paperback)
035 _a(OCoLC)1432445302
035 _a1810424
040 _aDLC
_beng
_erda
_cDLC
_dOCLCO
_dBDX
_dYDX
_dIG#
_dTOH
_dOCLCO
_dRNL
_dIK2
_dIUK
_dNYP
_dOCLCO
042 _apcc
092 _ageneral nonfiction
_b92 Mitchell, Joni
100 1 _aAlford, Henry,
_d1962-
_eauthor.
_96300931
245 1 0 _aI dream of Joni :
_ba portrait of Joni Mitchell in 53 snapshots /
_cHenry Alford.
250 _aFirst Gallery Books hardcover edition.
264 1 _aNew York :
_bGallery Books,
_c2025.
300 _a345 pages ;
_c24 cm.
336 _atext
337 _aunmediated
338 _avolume
504 _aIncludes bibliographical references (pages 323-344).
520 _a"The eternal singer-songwriter Joni Mitchell is seen anew, portrayed through a witty and comprehensive exploration of anecdotes, quotes, and lyrics by "the most graceful of humorists" (Vanity Fair) and author of And Then We Danced"--
600 1 0 _aMitchell, Joni
_vAnecdotes.
_96538828
600 1 0 _aMitchell, Joni
_vQuotations.
_96538829
650 0 _aWomen singers
_vBiography.
_96538830
650 0 _aPopular music
_y20th century.
_96538831
650 0 _aFolk artists.
_96538832
655 7 _aAnecdotes.
_2lcgft.
_95690703
700 1 2 _aMitchell, Joni.
_tLyrics.
_kSelections.
_96538833
942 _2ddc
_cBOOK
999 _c404437
_d404437